000 01059nam a22002657a 4500
005 20170731104115.0
010 _a1617EN ENG-117123
020 _a9780670087891
_c799.00
020 _a9780143427636
_c399.00 (AV)
035 _aB-649491-496
035 _aEN-100655
035 _aB-667284
037 _aDPL
_bAAKAR
082 _a303.483
100 _aNilekani, Nandan
245 _aRebooting India:
_cby Nandan Nilekani [and] Viral Shah
_brealizing a billion aspirations /
260 _aGurgaon
_bPenguin Books
_c2015
270 _a7th floor, infinity Toer C, DLF Cyber City
_bGurgaon (Haryana)
_e122002
300 _axxviii,337p.:
_c24cm(HB)
_bill.(col.)
500 _aincluds index
700 _aShah, Viral
942 _2ddc
_cEN
_h303.483
_mVIR
999 _c102197
_d102197